Virgin River #16 [CD/sound recording] / Richard S. ... Read More
Available copies
- 1 of 1 copy available at LARL/NWRL Consortium.
- 1 of 1 copy available at Lake Agassiz Regional Library. (Show)
Current holds
0 current holds with 1 total copy.
View other formats and editions
Show Only Available Copies
| Location | Call Number / Copy Notes | Barcode | Shelving Location | Status | Due Date |
|---|---|---|---|---|---|
| Crookston Public Library | CD TALKING BOOK W WHE (Text) | 33500010303261 | Main | Available | - |
Record details
- ISBN: 9781440726606
- ISBN: 1440726604
- Physical Description: 8 sound discs (9 hr., 45 min.) : digital ; 4 3/4 ... Read More
- Publisher: Prince Frederick, MD : Recorded Books, p2009.
Content descriptions
| General Note: | In container (17 cm.) Title from container. "Unabridged Fiction"--Container. "With tracks every 3 minutes for easy book marking"--Container. Compact disc. |
| Participant or Performer Note: | Narrated by James Jenner. |
| Summary, etc.: | An English exile, mountain man Barnaby Skye agrees ... Read More |
| Additional Physical Form available Note: | Issued also on cassette. |
Search for related items by subject
| Subject: | Skye, Barnaby (Fictitious character) > Fiction. Wagon trains > Fiction. Tuberculosis > Patients > Fiction. Indian women > Fiction. |
| Genre: | Western stories. Audiobooks. |
Search for related items by series
| LDR | 01867cim a2200481La 4500 | ||
|---|---|---|---|
| 001 | 111527 | ||
| 003 | LARL_NWRL_CONSORTIUM | ||
| 005 | 20091208150311.0 | ||
| 007 | sd fungnnmmned | ||
| 008 | 090323s2009 mdunnn f n eng d | ||
| 020 | . | ‡a9781440726606 | |
| 020 | . | ‡a1440726604 | |
| 028 | 0 | 1. | ‡aCW164 ‡bRecorded Books |
| 035 | . | ‡a(OCoLC)456904739 | |
| 043 | . | ‡an-usp-- | |
| 082 | 0 | 4. | ‡a813/.54 ‡222 |
| 100 | 1 | . | ‡aWheeler, Richard S. ‡0(LARL_NWRL_CONSORTIUM)79313 |
| 245 | 1 | 0. | ‡aVirgin River ‡n#16 ‡h[CD/sound recording] / ‡cRichard S. Wheeler. |
| 260 | . | ‡aPrince Frederick, MD : ‡bRecorded Books, ‡cp2009. | |
| 300 | . | ‡a8 sound discs (9 hr., 45 min.) : ‡bdigital ; ‡c4 3/4 in. | |
| 490 | 0 | . | ‡aSkye's West ; ‡v16 |
| 500 | . | ‡aIn container (17 cm.) | |
| 500 | . | ‡aTitle from container. | |
| 500 | . | ‡a"Unabridged Fiction"--Container. | |
| 500 | . | ‡a"With tracks every 3 minutes for easy book marking"--Container. | |
| 500 | . | ‡aCompact disc. | |
| 511 | 0 | . | ‡aNarrated by James Jenner. |
| 520 | . | ‡aAn English exile, mountain man Barnaby Skye agrees to lead a wagon train of consumptives to a desert locale--and faces all manner of danger along the way. | |
| 530 | . | ‡aIssued also on cassette. | |
| 650 | 0. | ‡aSkye, Barnaby (Fictitious character) ‡vFiction. | |
| 650 | 0. | ‡aWagon trains ‡vFiction. | |
| 650 | 0. | ‡aTuberculosis ‡xPatients ‡vFiction. | |
| 650 | 0. | ‡aIndian women ‡vFiction. ‡0(LARL_NWRL_CONSORTIUM)165202 | |
| 655 | 7. | ‡aWestern stories. ‡2gsafd | |
| 655 | 0. | ‡aAudiobooks. ‡0(LARL_NWRL_CONSORTIUM)175801 | |
| 700 | 1 | . | ‡aJenner, James. ‡4nrt ‡0(LARL_NWRL_CONSORTIUM)208281 |
| 901 | . | ‡a111527 ‡bOCLC ‡c111527 ‡tbiblio | |

Add to basket
Permalink
Disable Highlighting